000 00769nam a2200265Ia 4500
003 OSt
005 20220925204935.0
006 a|||||r|||| 00| 0
007 ta
008 220923b |||||||| |||| 00| 0 eng d
037 _cGeneral Book
040 _aRTL
_cRTL
_beng
041 _2eng
_aeng
082 _aY:438, L6
100 _aGivens R Dale
_9269287
245 0 _aDiscussions on war and human aggression
260 _aHague
_bMouton
_c1976
300 _axvi, 231p
_ccm.
490 _aWorld anthropology
500 _aBibliography p 215-23
650 _aFamine and Drought
_9232545
700 _a Nettleship Martin A Ed.
_9269288
942 _hY:438, L6
_cGB
_2CC
999 _c550813
_d550813